[Event "Challenge"]
[Site "http://www.queenalice.com/game.php?id=24243"]
[Date "2005.8.15"]
[Round "-"]
[White "eduardo_bock"]
[Black "bogmaster"]
[Result "0-1"]
[WhiteElo "1342"]
[BlackElo "1395"]

1. e4 e5 2. Nf3 d6 3. d4 Nc6 4. d5 Nd4 5. Nxd4 exd4 6. Qxd4 c5 7. Qc4 a6 8. Nc3
b5 9. Nxb5 axb5 10. Qxb5+ Bd7 11. Qb7 Rb8 12. Qa7 Be7 13. a4 Nf6 14. f3 O-O 15.
Bd2 Ra8 16. Qb7 Rb8 17. Qa6 Ra8 18. Qe2 Bxa4 19. b3 Bd7 20. Bc3 Rxa1+ 21. Bxa1
Nh5 22. Qc4 Qa8 23. Qa6 Qxa6 24. Bxa6 Ra8 25. O-O Rxa6 26. Bc3 Bf6 27. Bxf6 Nxf6
28. Rb1 Ne8 29. b4 cxb4 30. Rxb4 Ra1+ 31. Kf2 Ra2 32. Rc4 Bb5 33. Rc8 g6 34. Ke3
Kg7 35. c4 Ba4 36. c5 Ra3+ 37. Kf2 Nf6 38. cxd6 Nd7 39. g3 f5 40. exf5 gxf5 41.
g4 f4 42. Rc4 Ne5 43. Rxf4 Nd3+ 44. Kg3 Nxf4 45. Kxf4 Kf7 46. Ke5 Rxf3 0-1

[Event "Challenge"]
[Site "http://www.queenalice.com/game.php?id=24828"]
[Date "2005.8.19"]
[Round "-"]
[White "eduardo_bock"]
[Black "Andre"]
[Result "0-1"]
[WhiteElo "1345"]
[BlackElo "1341"]

1. e4 e5 2. Nf3 Qf6 3. d4 exd4 4. Nxd4 Bc5 5. c3 Nc6 6. Nd2 Bxd4 7. Nf3 Bc5 8.
Qd5 b6 9. b4 Qe6 10. Qg5 Qxe4+ 11. Be3 g6 12. Bb5 f6 13. Qf4 Qxf4 14. Bxf4 Bd6
15. Be3 a6 16. Bd3 Ne5 17. Nxe5 Bxe5 18. Bd4 d6 19. O-O a5 20. b5 Bxd4 21. cxd4
f5 22. Rae1+ Ne7 23. Re2 Kf7 24. Rfe1 Re8 25. Bc4+ Kf8 26. Re3 f4 27. Re4 g5 28.
g3 Bb7 29. d5 Nxd5 30. h4 Ne3 31. Rxe8+ Rxe8 32. Bd3 Ng2 33. Re2 gxh4 34. gxf4
Nxf4 35. Rxe8+ Kxe8 36. Bxh7 Bd5 0-1

[Event "AUTO-INT-35"]
[Site "http://www.queenalice.com/game.php?id=25057"]
[Date "2005.8.21"]
[Round "1"]
[White "eduardo_bock"]
[Black "big2003"]
[Result "0-1"]
[WhiteElo "1357"]
[BlackElo "1574"]

1. e4 e5 2. Nf3 Nc6 3. Nc3 Nf6 4. d4 exd4 5. Nxd4 Bb4 6. Nxc6 bxc6 7. f3 O-O 8.
Qd4 c5 9. Qd5 Nxd5 10. exd5 Bb7 11. a3 Bxc3+ 12. Bd2 Bxd2+ 13. Kxd2 Bxd5 14. Re1
Qg5+ 15. Kd1 Rfe8 16. Bb5 c6 17. Ba6 Qxg2 18. Bb7 Rab8 19. Ba6 Rxe1+ 20. Rxe1
Qxf3+ 21. Be2 Qg2 22. Bf1 Qxh2 23. Re7 Bf3+ 24. Be2 Qd6+ 25. Ke1 Qxe7 0-1

[Event "Eu nÃ£o desisto nunca"]
[Site "http://www.queenalice.com/game.php?id=25332"]
[Date "2005.8.23"]
[Round "-"]
[White "eduardo_bock"]
[Black "tecnologoemsaude"]
[Result "0-1"]
[WhiteElo "1382"]
[BlackElo "1436"]

1. e4 e5 2. Nf3 Nc6 3. Nc3 d6 4. d4 Bg4 5. d5 Nd4 6. Be2 Bxf3 7. Bxf3 Qh4 8. Be3
c5 9. Be2 Nf6 10. Nb5 a6 11. Nc7+ Kd8 12. Nxa8 Nxe4 13. O-O Nf6 14. g3 Qe4 15.
Qd3 Nf3+ 16. Kg2 Ne1+ 17. Kg1 Qg2# 0-1

[Event "Challenge"]
[Site "http://www.queenalice.com/game.php?id=27788"]
[Date "2005.9.8"]
[Round "-"]
[White "eduardo_bock"]
[Black "LL"]
[Result "0-1"]
[WhiteElo "1342"]
[BlackElo "1375"]

1. e4 d5 2. e5 d4 3. Nf3 Bg4 4. Be2 f6 5. Na3 Nc6 6. Nb5 fxe5 7. Nxe5 Nxe5 8.
Bxg4 Nxg4 9. Qxg4 Nf6 10. Qxd4 a6 11. Qxd8+ Rxd8 12. Nc3 e5 13. O-O Bc5 14. Re1
e4 15. Nxe4 O-O 16. Nxc5 Rde8 17. Rxe8 Rxe8 18. g3 Re1+ 19. Kg2 b6 20. Nb7 c5
21. b3 Ne4 22. d3 Nc3 23. a4 Ne2 24. f4 Nxc1 25. Kf2 Re2+ 26. Kf3 Rxc2 27. Nd6
Nxb3 28. Re1 Nd4+ 29. Kg4 g6 30. Kg5 Nf3+ 31. Kh6 Nxe1 0-1

[Event "Challenge"]
[Site "http://www.queenalice.com/game.php?id=27789"]
[Date "2005.9.8"]
[Round "-"]
[White "eduardo_bock"]
[Black "zerocyber"]
[Result "1-0"]
[WhiteElo "1360"]
[BlackElo "1302"]

1. e4 e5 2. Nf3 f6 3. d4 d6 4. d5 a6 5. Nc3 Bg4 6. Be2 b5 7. Nh4 g5 8. Bxg4 gxh4
9. Bh5+ Ke7 10. Qg4 Nh6 11. Qe6# 1-0

[Event "Challenge"]
[Site "http://www.queenalice.com/game.php?id=27791"]
[Date "2005.9.8"]
[Round "-"]
[White "eduardo_bock"]
[Black "franckscarduelli"]
[Result "0-1"]
[WhiteElo "1374"]
[BlackElo "1279"]

1. e4 e5 2. Nf3 Nc6 3. d4 f6 4. Nc3 b6 5. d5 Na5 6. Nd2 d6 7. Nc4 Nb7 8. Nb5 a6
9. Nc3 b5 10. Ne3 Nc5 11. Ng4 Bxg4 12. Be2 Bd7 13. Qd2 b4 14. f3 g6 15. Nd1 g5
16. Qxb4 a5 17. Qc4 f5 18. Ne3 f4 19. Nf5 Bxf5 20. g4 Bg6 21. Qb5+ Nd7 22. h4
Rb8 23. Qxa5 h5 24. Bb5 hxg4 25. fxg4 gxh4 26. Bd2 Bxe4 27. Rg1 h3 28. O-O-O Nf6
29. g5 Nxd5 30. Bd3 Bf3 31. Rdf1 Bh5 32. Qxd5 Bf7 33. Qh1 Bxa2 34. Rg4 c6 35.
Be1 Qb6 36. Rh4 Qxb2+ 37. Kd1 Rg8 38. g6 d5 39. Qxh3 Nc5 40. Rh8 Rg7 41. Qh5
Nxd3 42. cxd3 Bb3# 0-1

[Event "AUTO-INT-44"]
[Site "http://www.queenalice.com/game.php?id=29901"]
[Date "2005.9.22"]
[Round "1"]
[White "derricktang2106"]
[Black "eduardo_bock"]
[Result "1-0"]
[WhiteElo "1342"]
[BlackElo "1342"]

1. e4 Nf6 2. Nc3 d5 3. f3 e5 4. Bb5+ c6 5. Be2 d4 6. Na4 c5 7. d3 Qa5+ 8. Qd2
Qxa4 9. Nh3 c4 10. dxc4 a6 11. c5 Bxc5 12. Nf2 Nc6 13. Qg5 Bb4+ 14. Bd2 Qxc2 15.
Qxg7 Rg8 16. Qh6 Qxb2 17. Rd1 Bxd2+ 18. Rxd2 Qa1+ 19. Nd1 Rg6 20. Qh5 1-0

[Event "AUTO-INT-44"]
[Site "http://www.queenalice.com/game.php?id=29902"]
[Date "2005.9.22"]
[Round "1"]
[White "eduardo_bock"]
[Black "derricktang2106"]
[Result "0-1"]
[WhiteElo "1342"]
[BlackElo "1359"]

1. e4 e5 2. Nf3 Nc6 3. d4 d6 4. d5 Nb4 5. c3 Na6 6. Bb5+ Bd7 7. Bxd7+ Qxd7 8. a4
g6 9. b4 Nf6 10. Nh4 Ng4 11. Nd2 Bh6 12. Nc4 Bf4 13. Bxf4 exf4 14. g3 Qe7 15.
O-O Qxe4 16. Re1 Qxe1+ 17. Qxe1+ Kd8 18. h3 Ne5 0-1

[Event "AUTO-INT-44"]
[Site "http://www.queenalice.com/game.php?id=29917"]
[Date "2005.9.22"]
[Round "1"]
[White "gniark"]
[Black "eduardo_bock"]
[Result "1-0"]
[WhiteElo "1477"]
[BlackElo "1354"]

1. d4 d5 2. c4 dxc4 3. Nf3 f6 4. e4 e5 5. Bxc4 c5 6. Bxg8 Rxg8 7. d5 Nd7 8. Nc3
Nb6 9. h3 g6 10. O-O f5 11. Nxe5 fxe4 12. Re1 Bd6 13. Rxe4 Bf5 14. Nc6+ 1-0

[Event "AUTO-INT-44"]
[Site "http://www.queenalice.com/game.php?id=29918"]
[Date "2005.9.22"]
[Round "1"]
[White "eduardo_bock"]
[Black "gniark"]
[Result "0-1"]
[WhiteElo "1354"]
[BlackElo "1464"]

1. e4 e6 2. e5 d5 3. d4 c5 4. c3 Nc6 5. f4 Qb6 6. Be3 Qxb2 7. Nd2 Qxc3 8. Ke2 c4
9. Ndf3 Bb4 10. Nd2 Nxd4+ 11. Bxd4 Qxd4 12. g3 Bxd2 13. Nf3 Qe3# 0-1

[Event "AUTO-INT-44"]
[Site "http://www.queenalice.com/game.php?id=29927"]
[Date "2005.9.22"]
[Round "1"]
[White "jsiebel"]
[Black "eduardo_bock"]
[Result "1-0"]
[WhiteElo "1338"]
[BlackElo "1362"]

1. e4 Nf6 2. e5 Ng4 3. d4 d5 4. exd6 cxd6 5. d5 e5 6. f3 Nf6 7. Bc4 a6 8. Nc3
Nbd7 9. f4 b5 10. Be2 Bb7 11. fxe5 dxe5 12. d6 Bxd6 13. Qxd6 Bxg2 14. Bf3 Bxh1
15. Bxh1 Rc8 16. Nf3 Nb6 17. Qxe5+ Qe7 18. Qxe7+ Kxe7 19. Bg5 h6 20. Bh4 g5 21.
Bf2 Ng4 22. Bxb6 Rhe8 23. O-O-O Nf2 24. Re1+ Kf8 25. Bg2 Rxe1+ 26. Nxe1 Ng4 27.
h3 Ne5 28. Nf3 Nd3+ 29. cxd3 b4 30. Ne5 bxc3 31. b3 f6 32. Nd7+ Ke7 33. Nc5 Rb8
34. Na4 Rg8 35. Nxc3 h5 36. Nd5+ Kd6 37. Nxf6 Rc8+ 38. Kb2 Rh8 39. Be3 Ke7 40.
Bxg5 Kf7 41. Bf3 Kg6 42. h4 Rd8 43. Be2 1-0

[Event "AUTO-INT-44"]
[Site "http://www.queenalice.com/game.php?id=29928"]
[Date "2005.9.22"]
[Round "1"]
[White "eduardo_bock"]
[Black "jsiebel"]
[Result "0-1"]
[WhiteElo "1316"]
[BlackElo "1348"]

1. e4 e5 2. Nf3 Nc6 3. d4 exd4 4. Nxd4 Nf6 5. Nxc6 dxc6 6. f3 Qxd1+ 7. Kxd1 Be6
8. Nc3 Rd8+ 9. Bd2 a6 10. Bd3 c5 11. Na4 b5 12. Nc3 c4 13. Be2 Bb4 14. a3 Bxc3
15. bxc3 h5 16. g4 hxg4 17. fxg4 Nxe4 18. Bd3 cxd3 19. Re1 dxc2+ 20. Kxc2 Rxd2+
21. Kc1 Rhxh2 22. Rxe4 Rc2+ 23. Kd1 Kf8 24. Rc1 Rcd2+ 25. Ke1 Rh1+ 26. Kxd2 Rh2+
27. Re2 Rh4 28. g5 Bc4 29. Rf2 Rg4 30. Rcf1 Rxg5 31. Rf5 Rg2+ 32. R1f2 Rg3 33.
Rxf7+ Bxf7 34. Kc2 c5 35. Rf5 c4 36. Rc5 Rg2+ 37. Kd1 Rg3 38. Kc2 Bg6+ 39. Kb2
Rg2+ 40. Kc1 Rc2+ 41. Kd1 Rxc3 42. Rc6 Rd3+ 43. Kc1 Be8 44. Rxa6 c3 0-1

[Event "2Âº jogo"]
[Site "http://www.queenalice.com/game.php?id=30893"]
[Date "2005.9.29"]
[Round "-"]
[White "eduardo_bock"]
[Black "franckscarduelli"]
[Result "1-0"]
[WhiteElo "1342"]
[BlackElo "1437"]

1. e4 e5 2. Nf3 d6 3. d4 f6 4. d5 Qe7 5. Nc3 c5 6. Bb5+ Bd7 7. Bxd7+ Qxd7 8. a4
Na6 9. Bd2 Nb4 10. Nb5 a6 11. Nc3 g6 12. b3 f5 13. Nh4 fxe4 14. Nxe4 Nxd5 15. c4
Nb6 16. h3 Be7 17. Qg4 Bxh4 18. Qxh4 Qf5 19. Nxd6+ Kf8 20. Bh6+ Nxh6 21. Qxh6+
Ke7 22. Nxf5+ Kd7 23. Rd1+ Ke6 24. Ng7+ Kf6 25. Rd6+ Kf7 26. Ne6 Ke7 27. Rd8
Kxe6 28. Rxh8 Rxh8 29. Qg7 Rd8 30. Qxh7 Kf6 31. Qh4+ g5 32. Qh6+ Kf5 33. g4+ Kf4
34. Qf6+ Ke4 35. Qxd8 Kf3 36. Qd3+ Kg2 37. Qe4# 1-0